Devinez le Film avec 3 Emojis (Édition Culte) - Statistiques

Statistiques générales
  • Ce quiz a été pris 262 fois
  • Le résultat moyen est 12 sur 15
Statistiques - réponses
Hint Réponse % Correct
🦁👑 Le Roi Lion
99%
🚢🧊🎻 Titanic
98%
👽🚲👉 E.T. l'extra-terrestre
97%
🐀👨‍🍳🍲 Ratatouille
97%
🕷️🕸️🏙️ Spider-Man
96%
🦖🌋🚙 Jurassic Park
88%
🐼🥋🍜 Kung Fu Panda
86%
🍫🎫🎩 Charlie et la Chocolaterie
85%
🦈🏖️🩸 Les Dents de la Mer
83%
⚡👓🧙‍♂️ Harry Potter
82%
👻🚫👨‍🚒 S.O.S. Fantômes
71%
🚗💨😡 Fast and Furious
62%
🥊🥩🏃 Rocky
62%
🧸🤠🚀 Toy Story
58%
💍🌋👣 Le Seigneur des Anneaux
34%
Aucun quiz correspondant
Distribution des résultats
% des personnes avec chaque résultat
Percentile par nombre de réponses
Votre historique - résultats
Vous n’avez pas pris ce quiz